[Event "4th Norway Chess 2016"]
[Site "Stavanger NOR"]
[Date "2016.04.28"]
[Round "8.5"]
[White "Kramnik, Vladimir"]
[Black "Harikrishna, Pentala"]
[Result "1-0"]
[WhiteElo "2801"]
[BlackElo "2763"]
[Annotator "Sagar Shah"]
[PlyCount "93"]
[EventDate "2016.04.19"]

1. Nf3 e6 2. g3 b5 $5 {Harikrishna is not afraid of making some bold moves
against the ex-World Champion.} 3. e3 $5 {Kramnik is in mood for creative
chess. The normal reply would have been Bg2. But with e3 the Russian wants to
prove that e3 is much more useful than a6.} a6 4. Bg2 Bb7 5. O-O Nf6 6. b3 c5
7. c4 Be7 8. Nc3 O-O {Truth be told there seems absolutely nothing wrong with
Black's position. He has comfortably equalized out of the opening.} 9. d4 (9.
cxb5 $6 axb5 10. Nxb5 Ba6 $1 $15 {is strong because the rook on a1 is
undefended and hence a4 is not possible.}) 9... d5 10. cxd5 (10. Ne5 Qc7 $15)
10... Nxd5 11. Nxd5 Bxd5 12. dxc5 Bxc5 (12... Nd7 {And taking with the knight
was also possible.}) 13. Qe2 Nd7 14. Rd1 Qe7 15. Bb2 Rac8 16. Rac1 Bb7 (16...
Nf6 17. Ne5 $14 {is also a slight edge for White.}) (16... f6 $5 {With the
idea of later going e5 can be an idea.}) 17. Ng5 $1 {[%cal Gf3g5] Kramnik is
quick to seize the moment. With this move he is threatening things like Ne4
when his knight would be looking at the juicy d6 square. Also Qd3 comes into
the picture.} Bxg2 18. Kxg2 f5 (18... Qxg5 19. Rxd7 $16) (18... Nf6 19. Bxf6
Qxf6 20. Qh5 $1 Qh6 (20... h6 $2 21. Ne4 $18) 21. Qxh6 gxh6 22. Ne4 $14) 19. e4
$1 h6 20. Nf3 Nf6 (20... f4 21. Rc2 {With the idea of doubling on the d or the
c-file is pretty strong. But this is much better than what occured in the game.
}) 21. exf5 exf5 22. Qxe7 Bxe7 23. Nd4 $1 $16 {[%cal Gf3d4] The knight is
looking at f5 and e6 and just like that Black is almost lost! This is why
Kramnik was and is still called a positional genius.} Rxc1 24. Rxc1 Nd5 25. Ne6
Rf7 26. Rc8+ Kh7 27. Ra8 (27. Bxg7 Rxg7 28. Nxg7 Kxg7 29. Rc6 Nb4 {And White
is better but Black is fighting.}) 27... f4 28. Rxa6 {White is just a clean
pawn up.} fxg3 29. hxg3 Bf6 30. Bc1 Re7 31. Rd6 Nc3 32. a3 Kg8 33. Bb2 Ra7 34.
Rc6 Nd5 35. Bxf6 Nxf6 36. Rc7 $1 {Following Botvinnik's rule. Knight endgames
are like pawn endgames. The extra pawn will tell.} Rxa3 37. Rxg7+ Kh8 38. Rg6
Ne4 39. Rxh6+ {Two pawns up, further resistance is futile.} Kg8 40. Rh4 Nd2 41.
b4 Nc4 42. Nc7 Ra2 43. Re4 Nd6 44. Rd4 Nf5 45. Rd8+ Kf7 46. Nxb5 Rb2 47. Rd3 {
A fine game by Kramnik but a crucial loss for Hari, who effectively cannot
fight for the top three spots in the tournament.} 1-0

[Event "4th Norway Chess 2016"]
[Site "Stavanger NOR"]
[Date "2016.04.29"]
[Round "9.4"]
[White "Harikrishna, Pentala"]
[Black "Aronian, Levon"]
[Result "1/2-1/2"]
[WhiteElo "2763"]
[BlackElo "2784"]
[Annotator "Sagar Shah"]
[PlyCount "77"]
[EventDate "2016.04.19"]

1. d4 Nf6 2. c4 e6 3. Nc3 Bb4 4. Nf3 b6 5. e3 Bb7 6. Bd3 O-O 7. O-O c5 (7... d5
{is the other main move in this position transposing to the Petrosian
Variation.}) 8. Na4 {White threatens to disturb the bishop with a3.} cxd4 9. a3
Bd6 $5 {This has not been played by too many top players but you can be sure
that when someone plays the Candidates they always have a bagful of ideas with
themselves. The idea is to go Nc6 and prepare the move e5.} (9... Be7 {is the
more normal way to play.} 10. exd4 Nc6 11. b4) 10. exd4 Nc6 {After this move
the placement of the bishop on d6 doesn't look highly relevant.} (10... Bxf3
11. Qxf3 Nc6 {Looks like a plausible way to play as e5 is coming up.}) 11. Nc3
(11. b4 e5 $1 {This shows the main idea of the move Bd6.} 12. d5 e4 $1 $11)
11... Rc8 12. Bg5 h6 13. Bh4 Be7 {You can say that White has in some ways won
the opening battle because he forced Black to go back to e7. But for a move or
two when Black was threatening e6-e5, White had to remain careful and that was
the main idea of Bd6.} 14. Re1 (14. Bc2 Nh5 $1 15. Qd3 f5 $11) 14... d5 (14...
Na5 {Putting extra pressure on c4 was also an interesting idea.}) 15. cxd5 Nxd5
16. Nxd5 Bxh4 (16... Qxd5 17. Be4 Qd7 18. d5 exd5 19. Qxd5 Qxd5 20. Bxd5 Bxh4
21. Nxh4 $11) 17. Ne3 Bf6 {Black has absolutely no problems out of the opening.
} 18. Be4 g6 19. Qa4 a6 20. Rad1 b5 21. Qb3 Qb6 22. Ng4 Bg7 23. Qe3 Kh7 24. h4
f5 $1 {Forcing the pace of play} 25. Bxc6 Rxc6 (25... fxg4 26. Bxb7 Qxb7 27.
Ne5 $11 {is also a playable position for both sides.}) 26. Nge5 Rd6 27. Qf4
Bxf3 28. Nxf3 Rfd8 29. Rc1 Bxd4 {Mass exchanges take place and the game is
drawn.} 30. Nxd4 Qxd4 31. Qxd4 Rxd4 32. Rxe6 Rd1+ 33. Rxd1 Rxd1+ 34. Kh2 Rd2
35. Rxa6 Rxb2 36. Ra7+ Kg8 37. f3 b4 38. axb4 Rxb4 39. Kg3 {In a must win game
Harikrishna wasn't able to pose any problems to Levon.} 1/2-1/2